| 000 | 00504nam a2200181Ia 4500 | ||
|---|---|---|---|
| 005 | 20250627113213.0 | ||
| 008 | 008 250516s9999 xx 000 0 eng d | ||
| 020 | _a9789811278730 | ||
| 040 |
_beng _cSDCL |
||
| 041 |
_aeng _2eng |
||
| 084 | _aB28931 R4 | ||
| 100 |
_aNemirovski, Arkadi _9810074 |
||
| 245 | 0 | _aIntroduction to linear optimization | |
| 260 |
_aNew Jersey : _bWorld Scientific Publishing, _c2024. |
||
| 300 | _axxii, 626p. | ||
| 650 | _aOperational Research | ||
| 942 |
_cTEXL _2CC |
||
| 999 |
_c1430543 _d1430543 |
||